2018 NFL Standings - Statistics

General Stats
  • This quiz has been taken 37 times
  • The average score is 23 of 32
Answer Stats
Rank (seed) Record NFL Team % Correct
AFC North Champ (4) 10-6 Baltimore Ravens
100%
AFC South Champ (3) 11-5 Houston Texans
100%
AFC West Champ (1) 12-4 Kansas City Chiefs
100%
AFC East Champ (2) 11-5 New England Patriots
100%
AFC Wild Card (6) 10-6 Indianapolis Colts
96%
AFC Wild Card (5) 12-4 Los Angeles Chargers
96%
NFC West Champ (2) 13-3 Los Angeles Rams
87%
NFC Wild Card (6) 10-6 Philadelphia Eagles
87%
NFC North Champ (3) 12-4 Chicago Bears
83%
NFC East Champ (4) 10-6 Dallas Cowboys
83%
NFC South Champ (1) 13-3 New Orleans Saints
83%
AFC (9) Missed Playoffs 7-8-1 Cleveland Browns
78%
AFC (15) Missed Playoffs 4-12 New York Jets
78%
AFC (7) Missed Playoffs 9-6-1 Pittsburgh Steelers
78%
NFC Wild Card (5) 10-6 Seattle Seahawks
78%
AFC (16) Missed Playoffs 4-12 Oakland Raiders
70%
AFC (13) Missed Playoffs 6-10 Buffalo Bills
65%
AFC (12) Missed Playoffs 6-10 Cincinnati Bengals
65%
AFC (11) Missed Playoffs 6-10 Denver Broncos
65%
AFC (8) Missed Playoffs 9-7 Tennessee Titans
65%
AFC (14) Missed Playoffs 5-11 Jacksonville Jaguars
61%
AFC (10) Missed Playoffs 7-9 Miami Dolphins
61%
NFC (13) Missed Playoffs 5-11 New York Giants
57%
NFC (15) Missed Playoffs 4-12 San Francisco 49ers
57%
NFC (9) Missed Playoffs 7-9 Washington Redskins
52%
NFC (16) Missed Playoffs 3-13 Arizona Cardinals
48%
NFC (8) Missed Playoffs 7-9 Atlanta Falcons
48%
NFC (11) Missed Playoffs 6-9-1 Green Bay Packers
48%
NFC (7) Missed Playoffs 8-7-1 Minnesota Vikings
48%
NFC (14) Missed Playoffs 5-11 Tampa Bay Buccaneers
48%
NFC (10) Missed Playoffs 7-9 Carolina Panthers
43%
NFC (12) Missed Playoffs 6-10 Detroit Lions
43%
No matching quizzes found
Score Distribution
Percent of People with Each Score
Percentile by Number Answered
Your Score History
You have not taken this quiz